000 00775nam a2200217 a 4500
001 BRCA_17
005 20190320202838.0
008 971126s1996 mx-a#####b---#000-0#spa-#
020 _a9683661831
040 _aDLC
_cDLC
050 4 _aP301
_b.R36 1997
245 1 0 _aRetóricas verbales y no verbales
_cArtemio López Quiroz ... [et al.].
260 _aMéxico
_bUNAM, Instituto de Investigaciones Filológicas
_c1997
300 _a207 p.
_bil.
_c20 cm.
440 0 _aBitácora de retórica
_v5
_986
500 _aIncluye información sobre una pieza de la Colección Franz Mayer: El biombo de las artes liberales de Juan Correa, pp. 111-116
504 _aIncluye referencias bibliográficas
650 1 4 _aRetórica
_987
700 1 _aLópez Quiroz, Artemio
_988
942 _2lcc
_cB
999 _c17
_d17